Statistics for Biggest Cities By Letter - F

Click here to take the quiz!

General Stats

  • This quiz has been taken 157 times
  • The average score is 7 of 20

Answer Stats

PopulationCountryCity% Correct
2,303,000GermanyFrankfurt
96%
821,000ItalyFlorence
84%
994,000Sierra LeoneFreetown
79%
1,117,000MoroccoFez
78%
3,636,000BrazilFortaleza
58%
2,556,000JapanFukuoka
50%
3,197,000PakistanFaisalabad
41%
663,000United StatesFresno
40%
3,625,000ChinaFuzhou
34%
690,000ChinaFuzhou
34%
710,000JapanFuji
30%
311,000United StatesFayetteville
6%
1,412,000ChinaFushun
6%
355,000United StatesFlint
5%
500,000JapanFukuyama
5%
568,000ChinaFuyang
4%
450,000ChinaFuyang
4%
847,000ChinaFuqing
2%
964,000ChinaFuxin
2%
500,000IndiaFirozabad
0%

Score Distribution

Percentile by Number Answered

Percent of People with Each Score

Your Score History

You have not taken this quiz